Ultimate Country Flag Challenge 4 - Statistics

General Stats
  • This quiz has been taken 59 times
  • The average score is 17 of 20
Answer Stats
Picture Answer % Correct
Hungary
95%
Portugal
95%
Slovakia
95%
Venezuela
95%
Norway
93%
Malawi
91%
Zambia
91%
Angola
88%
Belarus
88%
Eswatini
88%
Fiji
88%
Mongolia
88%
Seychelles
88%
Kuwait
86%
Nepal
86%
Turkmenistan
86%
Singapore
81%
Guatemala
77%
Burundi
74%
Rwanda
60%
No matching quizzes found
Score Distribution
Percent of People with Each Score
Percentile by Number Answered
Your Score History
You have not taken this quiz